000 00661nam a2200253 a 4500
003 AR-BaBNM
005 20251128204253.0
008 082120s2002 ||||||||||||||000 | spa||
040 _cAR-BaBNM
100 1 _aPiovene, Guido
245 0 0 _aLos falsos redentores
260 _aBuenos Aires
_bLosada
_c1951
300 _a223 p.
490 0 _aLos grandes novelistas de nuestra época
650 4 _aLITERATURA ITALIANA
650 4 _aLITERATURA CONTEMPORANEA
650 4 _aESCRITORES
653 _aNARRATIVA
655 _aLITERATURA
700 1 _aDabini, Attilio
_etraductor
800 1 _aTorre, Guillermo de
_edirector
942 _cBK
998 _cMARTIN
999 _c6797
_d6797